Normal view
MARC view
- Calgary (Alta.)
Entry Geographic Name
001 - CONTROL NUMBER
- control field: 24221
003 - CONTROL NUMBER IDENTIFIER
- control field: NUST
005 - DATE AND TIME OF LATEST TRANSACTION
- control field: 20191017121008.0
008 - FIXED-LENGTH DATA ELEMENTS
- fixed length control field: 191017|| aca||aabn | a|a d
040 ## - CATALOGING SOURCE
- Original cataloging agency: NUST
- Transcribing agency: NUST
151 ## - HEADING--GEOGRAPHIC NAME
- Geographic name: Calgary (Alta.)
- General subdivision: History
- Chronological subdivision: 20th century.
670 ## - SOURCE DATA FOUND
- Source citation: Work cat.: (NUST)0: Foran, Maxwell. 24213, Expansive discourses :, c2009.
